Three mughal poets : (Record no. 128501)

MARC details
000 -LEADER
fixed length control field 00837nam a22002417a 4500
005 - DATE AND TIME OF LATEST TRANSACTION
control field 20170124110040.0
010 ## - LIBRARY OF CONGRESS CONTROL NUMBER
LC control number A-679783
020 ## - INTERNATIONAL STANDARD BOOK NUMBER
Terms of availability 00.00
International Standard Book Number 0195633911
035 ## - SYSTEM CONTROL NUMBER
System control number A-679783
037 ## - SOURCE OF ACQUISITION
Source of stock number/acquisition Cen Lib/ Ret
040 ## - CATALOGING SOURCE
Original cataloging agency DPL
Language of cataloging EN
082 ## - DEWEY DECIMAL CLASSIFICATION NUMBER
Classification number 841
Item number KHU
100 ## - MAIN ENTRY--PERSONAL NAME
Personal name Khurshidul Islam
9 (RLIN) 102301
245 ## - TITLE STATEMENT
Title Three mughal poets :
Statement of responsibility, etc by Khurshidul Islam [and] Ralph Russell
Remainder of title mir, sauda, mir hasan /
260 ## - PUBLICATION, DISTRIBUTION, ETC. (IMPRINT)
Place of publication, distribution, etc New Delhi
Name of publisher, distributor, etc Oxford University Press
Date of publication, distribution, etc 1994
270 ## - ADDRESS
Address YMCA building, jai singh road
City New Delhi
Postal code 110001
300 ## - PHYSICAL DESCRIPTION
Extent xiv, 290p.
Dimensions 21cm(Hb)
500 ## - GENERAL NOTE
General note Includes appendix, glossary, bibliographical references and index
650 ## - SUBJECT ADDED ENTRY--TOPICAL TERM
Topical term or geographic name as entry element Saudā, Mirzā Muḥammad Rafiʻ, 1713-1781
9 (RLIN) 102302
650 ## - SUBJECT ADDED ENTRY--TOPICAL TERM
Topical term or geographic name as entry element Urdu poetry
9 (RLIN) 102303
700 ## - ADDED ENTRY--PERSONAL NAME
Personal name Russell, Ralph
9 (RLIN) 23606
942 ## - ADDED ENTRY ELEMENTS (KOHA)
Source of classification or shelving scheme Dewey Decimal Classification
Koha item type English Books
Classification part 841
Call number suffix KHU
Holdings
Withdrawn status Lost status Damaged status Not for loan Home library Current library Date acquired Source of acquisition Cost, normal purchase price Total Checkouts Full call number Barcode Date last seen Copy number Cost, replacement price Price effective from Koha item type
        Central Library Central Library 02/07/2015 Cen Lib/Ret 0.00   841 KHU A-679783 02/07/2015 1 0.00 02/07/2015 English Books

© Delhi Public Library
Hit Counter
free hit counter